00496nam a2200193 a 4500001001300000003000900013005001700022008004100039020001000080082001700090100002600107245001900133260003100152300000800183500003500191650002500226650002500251700002600276nice12345678IN_TiNIC20260116011415.0070626s0000 teha grp 000 0 per  ac10000a891.51bSAA5 aSaadi, Sk Muslahuddin aBoostan-E-sadi aTehranbNo Publisherc0000 a00p aincludes index and biblioraphy aPersian Poetry-Sanai aPersian Poetry-Saadi1 aSaadi, Sk Muslahuddin